Statistics for Countries that Formed the Soviet Union

Click here to take the quiz!

General Stats

  • This quiz has been taken 1,547 times
  • The average score is 13 of 15

Answer Stats

Answer% Correct
Ukraine
96%
Russia
95%
Latvia
93%
Lithuania
93%
Estonia
93%
Belarus
91%
Georgia
90%
Turkmenistan
87%
Uzbekistan
87%
Armenia
84%
Tajikistan
83%
Kazakhstan
82%
Azerbaijan
81%
Moldova
78%
Kyrgyzstan
70%

Score Distribution

Percentile by Number Answered

Percent of People with Each Score

Your Score History

You have not taken this quiz